| 000 | 00511nam a2200181Ia 4500 | ||
|---|---|---|---|
| 001 | 9468 | ||
| 005 | 20260306161720.0 | ||
| 008 | 260306t2013||||xx |||||||||||||| ||spa|| | ||
| 041 | _aESP | ||
| 082 |
_a379.15 _bI61 |
||
| 100 |
_aInstituto Peruano de Evaluación, Acreditación y Certificación de la Calidad de la Educación Básica _eAUT |
||
| 245 | 0 | _aMapas del proceso del aprendizaje | |
| 260 | _c2013 | ||
| 300 |
_a11 páginas : _c29 cm. |
||
| 650 | _aGEN | ||
| 654 | _aCED | ||
| 942 |
_cLIB _dJUS _fJUS _2ddc _n |
||
| 999 |
_c9468 _d9468 |
||